| 000 | 00698nam a2200193Ia 4500 | ||
|---|---|---|---|
| 008 | 0000001996 usa 0000000000eng00 | ||
| 090 | _aPUS00 A73d1 | ||
| 100 | 1 | _aArgue, Doung | |
| 245 | 1 | 0 |
_aDoug Argue _b: hypnerotomachia poliphili, recent work |
| 300 |
_a1 plegable [6] p. _c/ 18 cm. |
||
| 500 | _aExposición realizada en la Asociación de Artistas Americanos, new York, Junio 5, 1996 | ||
| 600 | 0 | 0 |
_aARGUE, DOUG./ _xTRABAJOS PICTORICOS |
| 650 | 1 | 4 | _aARTE CONTEMPORANEO ESTADOUNIDENSE |
| 650 | 1 | 4 | _xCATALOGOS |
| 650 | 1 | 4 | _xEXPOSICIONES |
| 650 | 1 | 4 | _aPINTORES ESTADOUNIDENSES |
| 650 | 1 | 4 | _aPINTURA ESTADOUNIDENSE |
| 999 |
_c8351 _d8351 |
||
| 260 |
_aNew York : Associated American Artists _c1996 |
||